<?xml version="1.0" encoding="UTF-8"?>
<record
    xmlns:xsi="http://www.w3.org/2001/XMLSchema-instance"
    xsi:schemaLocation="http://www.loc.gov/MARC21/slim http://www.loc.gov/standards/marcxml/schema/MARC21slim.xsd"
    xmlns="http://www.loc.gov/MARC21/slim">

  <leader>00938    a2200169   4500</leader>
  <controlfield tag="001">141353</controlfield>
  <datafield tag="040" ind1=" " ind2=" ">
    <subfield code="c">Leonardo Da Vinci</subfield>
  </datafield>
  <datafield tag="041" ind1=" " ind2=" ">
    <subfield code="a">Portugu&#xEA;s</subfield>
  </datafield>
  <datafield tag="082" ind1=" " ind2=" ">
    <subfield code="a">324.3 Z58a</subfield>
    <subfield code="b">Z58a</subfield>
  </datafield>
  <datafield tag="100" ind1=" " ind2=" ">
    <subfield code="a">ZERBINE, Therezinha Godoy</subfield>
  </datafield>
  <datafield tag="245" ind1=" " ind2=" ">
    <subfield code="a">Anistia</subfield>
    <subfield code="b">sementes da liberdade</subfield>
  </datafield>
  <datafield tag="260" ind1=" " ind2=" ">
    <subfield code="b">Escolas profissionais salesianas</subfield>
    <subfield code="c">1979</subfield>
    <subfield code="a">S&#xE3;o Paulo</subfield>
  </datafield>
  <datafield tag="300" ind1=" " ind2=" ">
    <subfield code="a">255</subfield>
  </datafield>
  <datafield tag="362" ind1=" " ind2=" ">
    <subfield code="a">19790000</subfield>
  </datafield>
  <datafield tag="697" ind1=" " ind2=" ">
    <subfield code="a">Anistia</subfield>
    <subfield code="a">1975</subfield>
    <subfield code="a">Manifestos</subfield>
    <subfield code="a">Mulher brasileira</subfield>
    <subfield code="a">Confer&#xEA;ncia Porto Alegre</subfield>
    <subfield code="a">Jornal do Com&#xE9;rcio</subfield>
    <subfield code="a">Folha de Londrina</subfield>
    <subfield code="a">1976</subfield>
    <subfield code="a">Tribuna do Cear&#xE1;</subfield>
    <subfield code="a">MASP</subfield>
    <subfield code="a">Norte</subfield>
    <subfield code="a">Jornal da Bahia</subfield>
    <subfield code="a">Jornal de debates</subfield>
    <subfield code="a">1977</subfield>
    <subfield code="a">Audit&#xF3;rio das Merc&#xEA;s</subfield>
    <subfield code="a">Salvador</subfield>
    <subfield code="a">S&#xE3;o Paulo</subfield>
    <subfield code="a">Di&#xE1;rio de Not&#xED;cias</subfield>
    <subfield code="a">Tribuna da Bahia</subfield>
    <subfield code="a">Jornal do Brasil</subfield>
    <subfield code="a">Di&#xE1;rio de Natal</subfield>
    <subfield code="a">Assembl&#xE9;ia Legislativa</subfield>
    <subfield code="a">Florian&#xF3;polis</subfield>
    <subfield code="a">Di&#xE1;rio Popular</subfield>
    <subfield code="a">Goi&#xE2;nia</subfield>
    <subfield code="a">Tribuna do Norte</subfield>
    <subfield code="a">Tribuna do Cear&#xE1;</subfield>
    <subfield code="a">Revista Manchete</subfield>
    <subfield code="a">Di&#xE1;rio de Lisboa</subfield>
    <subfield code="a">1979</subfield>
    <subfield code="a">Jornal do Brasil</subfield>
    <subfield code="a">Folha de Londrina</subfield>
    <subfield code="a">CBA</subfield>
    <subfield code="a">Curitiba</subfield>
    <subfield code="a">Campinas</subfield>
    <subfield code="a">Brasil</subfield>
  </datafield>
  <datafield tag="942" ind1=" " ind2=" ">
    <subfield code="c">BK</subfield>
  </datafield>
  <datafield tag="952" ind1=" " ind2=" ">
    <subfield code="0">0</subfield>
    <subfield code="1">0</subfield>
    <subfield code="4">0</subfield>
    <subfield code="7">0</subfield>
    <subfield code="a">71.1</subfield>
    <subfield code="b">71.1</subfield>
    <subfield code="d">2024-03-27</subfield>
    <subfield code="l">0</subfield>
    <subfield code="o">324.3 Z58a</subfield>
    <subfield code="p">O005569</subfield>
    <subfield code="r">2024-03-27 22:46:04</subfield>
    <subfield code="w">2024-03-27</subfield>
    <subfield code="y">BK</subfield>
  </datafield>
  <datafield tag="999" ind1=" " ind2=" ">
    <subfield code="c">141353</subfield>
    <subfield code="d">141353</subfield>
  </datafield>
</record>
